| 000 | 01247nam a22002417a 4500 | ||
|---|---|---|---|
| 008 | 251017b |||||||| |||| 00| 0 eng d | ||
| 020 | _a9780451172006 | ||
| 040 | _ctbs | ||
| 041 | _arus | ||
| 041 | _aeng | ||
| 050 |
_aPG2121.B36 _b1992 |
||
| 100 |
_aBerlitz, Charles _921596 _eauthor |
||
| 245 |
_aPassport to Russian _c/ Charles Berlitz ; with the collaboration of Marina Igorevna Petrova. |
||
| 260 |
_aNew York, NY : _bPenguin Group, _c1992. |
||
| 300 |
_a189 pages : _c17 cm. |
||
| 490 | _aBerlitz travel companions | ||
| 520 | _aThis unique guide to the Russian language emphasizes development of accent, vocabulary, and communication for every situation, includes a dictionary of over 1,400 terms, plus a special “Point to the Answer” section which allows non-English-speaking Russians to merely point to the information needed. • Organized by topic for easy reference. • Includes a phonetic dictionary. • Instant accent, instant vocabulary. | ||
| 650 | 0 |
_aRussian language _vConversation and phrase books _xEnglish _926181 |
|
| 650 | 0 |
_aRussian language _xStudy and teaching _926182 |
|
| 650 | 0 |
_aRussian language _vSelf-instruction _926183 |
|
| 700 |
_aPetrova, Marina Igorevna _926184 _ecollaborator |
||
| 942 | _2lcc | ||
| 999 |
_c5055 _d5055 |
||